Colegiata y museo de Covarrubias (Burgos) (Record no. 6538)

MARC details
000 -CABECERA
campo de control de longitud fija 00609nam a2200193 a 4500
001 - NÚMERO DE CONTROL
campo de control BRCA_6856
005 - FECHA Y HORA DE LA ÚLTIMA TRANSACCIÓN
campo de control 20190320205622.0
008 - DATOS DE LONGITUD FIJA--INFORMACIÓN GENERAL
campo de control de longitud fija 091111s1940----sp-o######---#000-0#spa-#
041 ## - CÓDIGO DE LENGUA
Código de lengua del texto/banda sonora o título independiente spa
044 ## - CÓDIGO DEL PAÍS DE LA ENTIDAD EDITORA/PRODUCTORA
Código MARC del país sp
245 10 - MENCIÓN DE TÍTULO
Título Colegiata y museo de Covarrubias (Burgos)
Resto del título 10 postales artistica en fotografía
Mención de responsabilidad, etc. fotos de J. Garcia.
260 ## - PUBLICACIÓN, DISTRIBUCIÓN, ETC.
Lugar de publicación, distribución, etc. España
Nombre del editor, distribuidor, etc. Manipel
Fecha de publicación, distribución, etc. [1940]
300 ## - DESCRIPCIÓN FÍSICA
Extensión 4 v.
Dimensiones 9 cm.
500 ## - NOTA GENERAL
Nota general Tarjetas postales inventariadas por Banco de México como libro
500 ## - NOTA GENERAL
Nota general L141
651 #4 - PUNTO DE ACCESO ADICIONAL DE MATERIA--NOMBRE GEOGRÁFICO
Nombre geográfico Covarrubias, Burgos (España)
Subdivisión general Edificios, estructuras, etc.
9 (RLIN) 17087
902 ## - CATALOGADOR
Iniciales GFM
942 ## - ELEMENTOS DE PUNTO DE ACCESO ADICIONAL (KOHA)
Fuente del sistema de clasificación o colocación Library of Congress Classification
Tipo de ítem Koha Libros
Holdings
Estado de retiro Estado de pérdida Estado dañado No para préstamo Localización permanente Ubicación/localización actual Fecha de adquisición Número de inventario Total de préstamos Signatura topográfica completa Código de barras Fecha visto por última vez Precio válido a partir de Tipo de ítem Koha
El ejemplar forma parte de la colección y puede ser consultado según las políticas vigentes.       Biblioteca del Museo Franz Mayer (Rogerio Casas-Alatriste) Biblioteca del Museo Franz Mayer (Rogerio Casas-Alatriste) 09/11/2011 L141   (L141) 7303 22/03/2019 22/03/2019 Libros